banner-ar

AESTHETIC AUTOBIOGRAPHY: FROM LIFE TO ART IN MARCEL PROUST JAMES JOYCE VIRGIRGINIA WOOLF AND ANAIS NIN / (Record no. 25156)

MARC details
000 -الفاتح
حقل البيانات ثابتة الطول 00615nam a2200217Ia 4500
008 - عناصر البيانات ثابتة الطول - معلومات عامة
حقل البيانات ثابتة الطول 140319s9999 xx 000 0 eng d
040 ## - مصدر الفهرسة
وكالة الفهرسة الأصلية GCL /
وكالة النسخ GCL
082 04 - رقم تصنيف ديوى العشرى
رقم التصنيف 701.17
رقم المادة N A
100 1# - المدخل الرئيسى - إسم شخصى
الإسم الشخصى NALBANTIAN, SUZANNE
245 10 - بيان العنوان
العنوان AESTHETIC AUTOBIOGRAPHY: FROM LIFE TO ART IN MARCEL PROUST JAMES JOYCE VIRGIRGINIA WOOLF AND ANAIS NIN /
بيان المسئوليه,etc NALBANTIAN, SUZANNE
260 ## - PUBLICATION, DISTRIBUTION, ETC. (IMPRINT)
تاريخ النشر أو التوزيع 1994
300 ## - الوصف المادى
التعداد 223 P
650 04 - المدخل الاضافى بالموضوع-مصطلح موضوعى
مصطلح موضوعي PROUST, HARCEL
650 04 - المدخل الاضافى بالموضوع-مصطلح موضوعى
مصطلح موضوعي ARTS
650 04 - المدخل الاضافى بالموضوع-مصطلح موضوعى
مصطلح موضوعي BIOGRAPHY
650 04 - المدخل الاضافى بالموضوع-مصطلح موضوعى
مصطلح موضوعي AESTHETICS
650 04 - المدخل الاضافى بالموضوع-مصطلح موضوعى
مصطلح موضوعي JOYCE, VIRGINIA
650 04 - المدخل الاضافى بالموضوع-مصطلح موضوعى
مصطلح موضوعي NIN, ANAIS
942 ## - عناصر المدخل الإضافي( كوها)
مصدر التصنيف او مخطط الترفيف Dewey Decimal Classification
Koha [default] item type كتاب
260 ## - PUBLICATION, DISTRIBUTION, ETC. (IMPRINT)
-- [S.N] :
-- MACMILLAN ،
Holdings
حالة التراجع حالة الفقد حالة تلف ليس للاعارة المكان المؤقت الموقع الحالى تاريخ الاكتساب اجمالي اﻻعارات رقم الطلب الباركود تاريخ اخر مشاهدة تاريخ تفعيل السعر نوع وعاء كوها
        مكتبة القاهرة الكبرى مكتبة القاهرة الكبرى 03/26/2014   701.17\N A 44408 03/26/2014 03/26/2014 كتاب
        مكتبة القاهرة الكبرى مكتبة القاهرة الكبرى 03/26/2014   701.17\N A 44409 03/26/2014 03/26/2014 كتاب

Powered By

EGPV